All NFL Starting Qbs 2023-2024 - Statistics

General Stats
  • This quiz has been taken 185 times
  • The average score is 52 of 71
Answer Stats
Hint # of
starts
Answer % Correct
49ers 16 Brock Purdy
99%
Bengals 10 Joe Burrow
95%
Eagles 16 Jalen Hurts
94%
Ravens 16 Lamar Jackson
94%
Chiefs 16 Patrick Mahomes
94%
Broncos 15 Russell Wilson
94%
Jets 11 Zach Wilson
94%
Texans 15 CJ Stroud
93%
Bills 17 Josh Allen
93%
Bears 13 Justin Fields
93%
Rams 15 Matthew Stafford
93%
Dolphins 17 Tua Tagovailoa
93%
Cowboys 17 Dak Prescott
92%
Lions 17 Jared Goff
92%
6 Daniel Jones
91%
Patriots 11 Mac Jones
91%
Jaguars 16 Trevor Lawrence
91%
Saints 16 Derek Carr
90%
Chargers 13 Justin Herbert
90%
Buccaneers 17 Baker Mayfield
89%
Panthers 16 Bryce Young
89%
Seahawks 15 Geno Smith
89%
Steelers 12 Kenny Pickett
89%
Cardinals 8 Kyler Murray
89%
Browns 6 Deshaun Watson
88%
6 Jimmy Garoppolo
88%
Packers 17 Jordan Love
88%
Vikings 8 Kirk Cousins
88%
16 Gardner Minshew
87%
5 Joe Flacco
87%
Titans 8 Ryan Tannehill
87%
15 Sam Howell
86%
Colts 1 Anthony Richardson
83%
Falcons 12 Desmond Ridder
83%
9 Will Levis
82%
1 Aaron Rodgers
81%
8 Joshua Dobbs
80%
4 Joshua Dobbs
80%
Raiders 10 Aidan O'Connell
76%
6 Bailey Zappe
76%
2 Drew Lock
76%
3 Mason Rudolph
72%
Giants 6 Tommy DeVito
72%
1 Jameis Winston
71%
1 Sam Darnold
69%
1 Tyler Huntley
68%
5 Tyrod Taylor
67%
7 Jake Browning
65%
2 Mitchell Trubisky
65%
5 Taylor Heinicke
65%
1 Carson Wentz
59%
3 Dorian Thompson-Robinson
59%
4 Easton Stick
59%
1 Andy Dalton
58%
Commanders 2 Jacoby Brissett
58%
1 Marcus Mariota
58%
3 Nick Mullens
53%
4 Tyson Bagent
50%
2 Jarrett Stidham
48%
1 Blaine Gabbert
44%
2 Trevor Siemian
43%
2 Case Keenum
41%
2 Jaren Hall
41%
2 PJ Walker
40%
2 Tim Boyle
39%
1 CJ Beathard
36%
1 Clayton Tune
34%
1 Brian Hoyer
30%
1 Brett Rypien
28%
1 Brett Rypien
28%
1 Jeff Driskel
25%
No matching quizzes found
Score Distribution
Percent of People with Each Score
Percentile by Number Answered
Your Score History
You have not taken this quiz